000 00680nam a2200217Ii 4500
003 JO-AjNU
008 230606s9999||||xx |||||||||||||| ||und||
020 _a0-7506-0133-7
040 _aJO-AjNU
_beng
_erda
_cJO-AjNU
041 _aeng
050 1 4 _aHG4026.B55 1991
100 3 _aBirchall, Alan,
_eauthor
_93163
245 0 0 _aFinancial Analysis and Control: Financial awareness for students and managers
250 _a1 ed
264 3 1 _aLondon: Butterworth Heinemann,1991
300 _a194p
_bIncludes indexes(p193-194)
336 _atext
_btxt
_2rdacontent
337 _aunmediated
_bn
_2rdamedia
338 _avolume
_bnc
_2rdacarrier
650 4 _aFinancial Analysis
_93164
999 _aE1657
_c1657
_d1657